[Event "UK-ch blitz (Women) op"]
[Site "Solihull"]
[Date "2018.12.01"]
[Round "4"]
[White "Fink Nunn, Petra"]
[Black "Sarakauskiene, Zivile"]
[Result "0-1"]
[WhiteElo "1923"]
[BlackElo "2078"]
[PlyCount "82"]
[EventDate "2018.12.01"]
[EventType "tourn (blitz)"]
[EventRounds "15"]
[EventCountry "ENG"]
[SourceTitle "EXT 2020"]
[Source "ChessBase"]
[SourceDate "2019.10.17"]
[SourceVersion "1"]
[SourceVersionDate "2019.10.17"]
[SourceQuality "1"]

1. e4 c5 2. Nf3 e6 3. d4 cxd4 4. Nxd4 a6 5. Nc3 Qc7 6. Be2 Nf6 7. 0-0 Be7 8. Be3 d6 9. f4 Nbd7 10. Kh1 b5 11. a3 Bb7 12. Bf3 0-0 13. Qe1 Rfe8 14. Qg3 Nc5 15. e5 Nfd7 16. Bxb7 Nxb7 17. f5 dxe5 18. fxe6 Nf6 19. Nf5 g6 20. Nh6+ Kg7 21. exf7 Rf8 22. Bg5 Nh5 23. Qf3 Bxg5 24. Nf5+ Kh8 25. Nd5 Qxf7 26. Qg4 gxf5 27. Qxg5 Ng7 28. Rae1 Qxd5 29. Qe7 Rae8 30. Qg5 Nd6 31. Rd1 Qe6 32. Qd2 Nc4 33. Qc3 Qg6 34. Rf3 e4 35. Rg3 Qf6 36. Qb4 Rd8 37. Rxd8 Rxd8 38. h3 Qe5 39. Qe1 Qxb2 40. Qf2 Qe5 41. Rg5 Rd1+ 0-1

[Event "UK-ch blitz (Women) op"]
[Site "Solihull"]
[Date "2018.12.01"]
[Round "13"]
[White "Longson, Sarah N"]
[Black "Sarakauskiene, Zivile"]
[Result "1-0"]
[WhiteElo "2025"]
[BlackElo "2078"]
[PlyCount "59"]
[EventDate "2018.12.01"]
[EventType "tourn (blitz)"]
[EventRounds "15"]
[EventCountry "ENG"]
[SourceTitle "EXT 2020"]
[Source "ChessBase"]
[SourceDate "2019.10.17"]
[SourceVersion "1"]
[SourceVersionDate "2019.10.17"]
[SourceQuality "1"]

1. e4 c5 2. Nf3 e6 3. g3 Qc7 4. Bg2 Nc6 5. 0-0 Nf6 6. Re1 d6 7. d4 cxd4 8. Nxd4 e5 9. Nb5 Qd8 10. Bg5 Be7 11. Bxf6 gxf6 12. N1c3 a6 13. Na3 Be6 14. Nd5 b5 15. c4 Rb8 16. Rc1 Nd4 17. cxb5 Bxd5 18. exd5 axb5 19. Nc2 Nxc2 20. Qxc2 0-0 21. Be4 h6 22. Bf5 Kh8 23. Qd2 Kg7 24. Qe2 Rh8 25. Qh5 b4 26. Re4 Qa5 27. Qg4+ Kf8 28. Rec4 Bd8 29. Rc8 Ke7 30. Rxb8 1-0

[Event "UK-ch blitz (Women) op"]
[Site "Solihull"]
[Date "2018.12.01"]
[Round "1"]
[White "Sarakauskiene, Zivile"]
[Black "Milewska, Agnieszka"]
[Result "1-0"]
[WhiteElo "2078"]
[BlackElo "1781"]
[PlyCount "97"]
[EventDate "2018.12.01"]
[EventType "tourn (blitz)"]
[EventRounds "15"]
[EventCountry "ENG"]
[SourceTitle "EXT 2020"]
[Source "ChessBase"]
[SourceDate "2019.10.17"]
[SourceVersion "1"]
[SourceVersionDate "2019.10.17"]
[SourceQuality "1"]

1. e4 e5 2. Nf3 Nc6 3. d4 exd4 4. Bc4 d6 5. Nxd4 Nxd4 6. Qxd4 Bd7 7. Qd5 Be6 8. Qxb7 Bxc4 9. Qc6+ Ke7 10. Qxc4 Nf6 11. Bg5 h6 12. Bxf6+ gxf6 13. Nc3 Bg7 14. 0-0-0 Rf8 15. Nd5+ Kd7 16. Qb5+ Kc8 17. Rd3 Rb8 18. Qa6+ Kd7 19. Rc3 c5 20. Qxa7+ Ke8 21. Qa4+ Qd7 22. Qxd7+ Kxd7 23. Rd1 f5 24. Rb3 Rxb3 25. axb3 Ra8 26. Kb1 Kc6 27. exf5 Be5 28. f4 Bg7 29. f6 Bf8 30. c4 Ra6 31. Re1 Kd7 32. g4 Ra7 33. g5 hxg5 34. fxg5 Rb7 35. Kc2 Rb8 36. h4 Re8 37. Rxe8 Kxe8 38. h5 Kd7 39. g6 fxg6 40. hxg6 Ke6 41. g7 Bxg7 42. fxg7 Kf7 43. Kd3 Kxg7 44. Ke4 Kf7 45. Kf5 Ke8 46. Ke6 Kd8 47. Kxd6 Kc8 48. Kxc5 Kd7 49. b4 1-0

[Event "UK-ch blitz (Women) op"]
[Site "Solihull"]
[Date "2018.12.01"]
[Round "6"]
[White "Wei, Naomi"]
[Black "Sarakauskiene, Zivile"]
[Result "1-0"]
[WhiteElo "1858"]
[BlackElo "2078"]
[PlyCount "73"]
[EventDate "2018.12.01"]
[EventType "tourn (blitz)"]
[EventRounds "15"]
[EventCountry "ENG"]
[SourceTitle "EXT 2020"]
[Source "ChessBase"]
[SourceDate "2019.10.17"]
[SourceVersion "1"]
[SourceVersionDate "2019.10.17"]
[SourceQuality "1"]

1. d4 Nf6 2. c4 e6 3. Nc3 Bb4 4. e3 0-0 5. Bd3 d5 6. Nge2 c5 7. 0-0 dxc4 8. Bxc4 a6 9. a3 cxd4 10. exd4 Be7 11. d5 exd5 12. Nxd5 Nxd5 13. Bxd5 Nc6 14. Be3 Bd7 15. Rc1 Rc8 16. Qb3 b5 17. Rfd1 Qe8 18. Qa2 a5 19. Nd4 Ne5 20. Rxc8 Qxc8 21. Rc1 Qa6 22. Bf4 Nd3 23. Rc7 Rd8 24. Bxf7+ Kh8 25. Be3 Qf6 26. h3 Ne5 27. Bd5 b4 28. a4 Bd6 29. Rc1 Nd3 30. Rd1 Nc5 31. Nc6 Rc8 32. Nd4 Rf8 33. Nf3 Nxa4 34. Bd4 Qf4 35. Qa1 Nc5 36. b3 Ne4 37. Bxg7# 1-0

[Event "EU-chT (Women) 20th"]
[Site "Reykjavik"]
[Date "2015.11.17"]
[Round "5.3"]
[White "Sarakauskiene, Zivile"]
[Black "Horn, Emilia"]
[Result "1-0"]
[WhiteElo "2145"]
[BlackElo "1981"]
[PlyCount "135"]
[EventDate "2015.11.13"]
[EventType "team-swiss"]
[EventRounds "9"]
[EventCountry "ISL"]
[SourceTitle "CBM 169 Extra"]
[Source "ChessBase"]
[SourceDate "2015.12.18"]
[SourceVersion "1"]
[SourceVersionDate "2015.12.18"]
[SourceQuality "1"]
[WhiteTeam "England (W)"]
[BlackTeam "Sweden (W)"]
[WhiteTeamCountry "ENG"]
[BlackTeamCountry "SWE"]

1. e4 e5 2. Nf3 Nc6 3. Bc4 Nf6 4. d3 Bc5 5. c3 a6 6. Bb3 d6 7. 0-0 Ba7 8. h3 h6 9. Re1 0-0 10. Nbd2 Be6 11. Bc2 Re8 12. Nf1 d5 13. exd5 Bxd5 14. Ng3 Nd7 15. b4 Re6 16. Be3 Rf6 17. Nd2 Ne7 18. Bxa7 Rxa7 19. c4 Bc6 20. d4 exd4 21. Nde4 Re6 22. Qxd4 Ra8 23. Red1 Qe8 24. Nc3 Rd6 25. Qf4 g5 26. Qe3 Re6 27. Qd3 Ng6 28. b5 Nde5 29. Qf1 Bd7 30. Nd5 Rc8 31. Bf5 Rd6 32. Ne4 Kg7 33. Nxd6 cxd6 34. Bxd7 Nxd7 35. Rac1 axb5 36. cxb5 Rxc1 37. Rxc1 Nc5 38. Re1 Qd7 39. Qc4 Qf5 40. Qd4+ Ne5 41. Ne3 Qf6 42. Rd1 Ne6 43. Qxd6 Ng6 44. Qd5 b6 45. Qc6 Ngf4 46. Qe4 Ne2+ 47. Kh2 Qxf2 48. Qf3 Qxf3 49. gxf3 N2d4 50. a4 Nxf3+ 51. Kg3 Ne5 52. Rd6 h5 53. Rxb6 h4+ 54. Kh2 Nf3+ 55. Kg2 Nfd4 56. a5 Nf4+ 57. Kh2 Nf3+ 58. Kh1 Nxh3 59. Nf5+ Kh7 60. Rh6+ Kg8 61. a6 Ne1 62. Nxh4 Nf2+ 63. Kg1 Ng4 64. Rh5 f6 65. a7 gxh4 66. a8Q+ Kf7 67. Qd5+ Kg6 68. Qf5+ 1-0

[Event "EU-chT (Women) 20th"]
[Site "Reykjavik"]
[Date "2015.11.14"]
[Round "2.10"]
[White "Barbier, Wiebke"]
[Black "Sarakauskiene, Zivile"]
[Result "0-1"]
[WhiteElo "1980"]
[BlackElo "2145"]
[PlyCount "100"]
[EventDate "2015.11.13"]
[EventType "team-swiss"]
[EventRounds "9"]
[EventCountry "ISL"]
[SourceTitle "CBM 169 Extra"]
[Source "ChessBase"]
[SourceDate "2015.12.18"]
[SourceVersion "1"]
[SourceVersionDate "2015.12.18"]
[SourceQuality "1"]
[WhiteTeam "Belgium (W)"]
[BlackTeam "England (W)"]
[WhiteTeamCountry "BEL"]
[BlackTeamCountry "ENG"]

1. e4 c5 2. d3 Nc6 3. f4 g6 4. Nf3 Bg7 5. c3 d6 6. h3 Nf6 7. Be2 0-0 8. 0-0 c4 9. Nbd2 cxd3 10. Bxd3 b5 11. Kh2 a6 12. Qe1 e5 13. fxe5 Nh5 14. Bc2 Nxe5 15. Nd4 Bb7 16. a4 b4 17. cxb4 Qc7 18. Bd1 d5 19. Kh1 Nd3 20. Qe3 Ng3+ 21. Kg1 Nxf1 22. Qxd3 Nxd2 23. Bxd2 dxe4 24. Qe3 Rad8 25. Bc3 Qb6 26. Nc2 Qxe3+ 27. Nxe3 Bxc3 28. bxc3 Rd3 29. Kf2 Rxc3 30. Be2 f5 31. Rd1 f4 32. Ng4 f3 33. gxf3 exf3 34. Bf1 Bc8 35. Ne3 Ra3 36. b5 Ra2+ 37. Kg3 Rxa4 38. b6 Ra3 39. Bc4+ Kh8 40. Kf2 Bb7 41. Rd7 Be4 42. Ng4 Rc3 43. b7 Bxb7 44. Rxb7 Rxc4 45. Rb2 a5 46. Ra2 a4 47. Ne5 Re4 48. Nxf3 Ref4 49. Ra3 Rxf3+ 50. Rxf3 Rxf3+ 0-1

[Event "Southend op 59th"]
[Site "Southend"]
[Date "2015.04.05"]
[Round "6"]
[White "Sarakauskiene, Zivile"]
[Black "Iyengar, Ilya"]
[Result "0-1"]
[WhiteElo "2152"]
[BlackElo "2025"]
[PlyCount "98"]
[EventDate "2015.04.03"]
[EventType "swiss"]
[EventRounds "7"]
[EventCountry "ENG"]
[SourceTitle "EXT 2017"]
[Source "ChessBase"]
[SourceDate "2016.10.25"]
[SourceVersion "1"]
[SourceVersionDate "2016.10.25"]
[SourceQuality "1"]

1. e4 c5 2. Nf3 e6 3. d4 cxd4 4. Nxd4 Nf6 5. Nc3 d6 6. Be2 a6 7. g4 Nc6 8. g5 Nd7 9. Be3 Be7 10. Rg1 Qc7 11. Qd2 b5 12. a3 Bb7 13. 0-0-0 Nc5 14. Kb1 0-0 15. Nxc6 Bxc6 16. f3 Rab8 17. h4 a5 18. Na2 b4 19. axb4 axb4 20. Nxb4 Qb7 21. c3 Ba4 22. Rdf1 Qa8 23. Bc4 Rfc8 24. Bxc5 Rxc5 25. b3 Bb5 26. Bxb5 Rcxb5 27. Kb2 d5 28. Ra1 Qb7 29. Ra4 dxe4 30. f4 f5 31. Rd1 Rd8 32. Qe2 Rxd1 33. Qxd1 Bxb4 34. cxb4 Rxb4 35. Qd8+ Kf7 36. Ra3 e3 37. Qd3 Re4 38. Qe2 Qb6 39. Qh5+ Ke7 40. Ra8 Qd4+ 41. Ka2 Qd2+ 42. Ka3 Qc1+ 43. Ka2 Qd2+ 44. Ka3 Qd7 45. Qxh7 Kd6 46. Qg8 e2 47. Qf8+ Kc6 48. Rc8+ Kb7 49. Rd8 Qc7 0-1

[Event "Southend op 59th"]
[Site "Southend"]
[Date "2015.04.04"]
[Round "3"]
[White "Cherniaev, Alexander"]
[Black "Sarakauskiene, Zivile"]
[Result "1-0"]
[WhiteElo "2481"]
[BlackElo "2152"]
[PlyCount "77"]
[EventDate "2015.04.03"]
[EventType "swiss"]
[EventRounds "7"]
[EventCountry "ENG"]
[SourceTitle "CBM 165 Extra"]
[Source "ChessBase"]
[SourceDate "2015.04.21"]
[SourceVersion "1"]
[SourceVersionDate "2015.04.21"]
[SourceQuality "1"]

1. d4 d5 2. Nf3 Nf6 3. g3 c6 4. Bg2 Bf5 5. c4 e6 6. Nc3 h6 7. Qb3 Qb6 8. c5 Qa6 9. Bf1 Be4 10. Nxe4 Nxe4 11. Nd2 Nxd2 12. Bxd2 b6 13. e4 Qb7 14. exd5 exd5 15. Ba5 Nd7 16. 0-0-0 Rb8 17. Re1+ Be7 18. cxb6 axb6 19. Bb4 c5 20. Bc3 Kf8 21. Bg2 Nf6 22. Re2 c4 23. Qb5 Kg8 24. Re5 Bd6 25. Bxd5 Qa7 26. Ree1 Nxd5 27. Qxd5 Qc7 28. Qb5 h5 29. Re4 h4 30. Rhe1 Rh6 31. Re8+ Rxe8 32. Rxe8+ Kh7 33. Qf5+ Rg6 34. Qe4 hxg3 35. hxg3 Qd7 36. Bd2 Qh3 37. Kc2 Qg4 38. Qh1+ Rh6 39. Bxh6 1-0

[Event "Birmingham 4NCL op 1st"]
[Site "Birmingham"]
[Date "2015.01.31"]
[Round "2"]
[White "Sarakauskiene, Zivile"]
[Black "Paterson, Andrew I"]
[Result "1-0"]
[WhiteElo "2144"]
[BlackElo "1974"]
[PlyCount "103"]
[EventDate "2015.01.30"]
[EventType "swiss"]
[EventRounds "5"]
[EventCountry "ENG"]
[SourceTitle "EXT 2023"]
[Source "ChessBase"]
[SourceDate "2022.10.05"]
[SourceVersion "1"]
[SourceVersionDate "2022.10.05"]
[SourceQuality "1"]

1. e4 c6 2. d4 d5 3. Nc3 dxe4 4. Nxe4 Bf5 5. Ng3 Bg6 6. h4 h6 7. Nf3 Nd7 8. h5 Bh7 9. Bd3 Bxd3 10. Qxd3 Ngf6 11. Bf4 Qa5+ 12. Bd2 Qc7 13. 0-0-0 e6 14. Ne4 0-0-0 15. Qe2 Be7 16. g3 Nxe4 17. Qxe4 Rhe8 18. Bf4 Bd6 19. Bxd6 Qxd6 20. Qg4 Qf8 21. Rd3 Nf6 22. Qf4 Rd5 23. Ne5 Red8 24. c4 Ra5 25. a3 Qe7 26. b4 Ra6 27. Kb2 b5 28. cxb5 cxb5 29. Rc1+ Kb7 30. Rdc3 Nd5 31. Qxf7 Qxf7 32. Nxf7 Rf8 33. Rf3 Nf6 34. Ne5 Rd8 35. Rfc3 Nd5 36. Rc5 Rb6 37. Nd3 a6 38. R5c2 Rbd6 39. Nc5+ Ka7 40. Ne4 R6d7 41. Rc6 Nb6 42. Rc7+ Kb8 43. Rxd7 Rxd7 44. Rc6 Nc4+ 45. Kc3 Nxa3 46. Rxe6 Rc7+ 47. Nc5 Rf7 48. f4 Rf5 49. Nxa6+ Kc8 50. Re5 Rf7 51. Kb3 Ra7 52. Nc5 1-0

[Event "BCF-chT3 1213 (4NCL)"]
[Site "England"]
[Date "2013.05.05"]
[Round "10.109"]
[White "Sarakauskiene, Zivile"]
[Black "Judkins, Brian"]
[Result "1-0"]
[WhiteElo "2189"]
[BlackElo "1854"]
[PlyCount "49"]
[EventDate "2012.11.03"]
[EventType "team-swiss"]
[EventRounds "11"]
[EventCountry "ENG"]
[SourceTitle "EXT 2014"]
[Source "ChessBase"]
[SourceDate "2013.11.20"]
[SourceVersion "1"]
[SourceVersionDate "2013.11.20"]
[SourceQuality "1"]
[WhiteTeam "Guildford III"]
[BlackTeam "e2e4.org.uk III"]
[WhiteTeamCountry "ENG"]
[BlackTeamCountry "ENG"]

1. e4 e5 2. Nf3 Nf6 3. Nxe5 d6 4. Nf3 Nxe4 5. d4 d5 6. Bd3 Be7 7. 0-0 Nc6 8. c4 Nf6 9. cxd5 Nxd5 10. Nc3 Bg4 11. h3 Bh5 12. Bc4 Nxc3 13. bxc3 0-0 14. Bf4 Bd6 15. Bxd6 Qxd6 16. Rb1 b6 17. Rb5 Bg6 18. Nh4 Rad8 19. Qf3 Qf6 20. Qxf6 gxf6 21. f4 f5 22. Re1 Rfe8 23. Rbb1 Kg7 24. Rxe8 Rxe8 25. Bb5 1-0

[Event "BCF-chT1a 1213 (4NCL)"]
[Site "England"]
[Date "2012.11.03"]
[Round "1.128"]
[White "Norinkeviciute, Rasa"]
[Black "Sarakauskiene, Zivile"]
[Result "1-0"]
[WhiteElo "2010"]
[BlackElo "2189"]
[PlyCount "167"]
[EventDate "2012.11.03"]
[EventType "team-tourn"]
[EventRounds "7"]
[EventCountry "ENG"]
[SourceTitle "EXT 2013"]
[Source "ChessBase"]
[SourceDate "2012.11.22"]
[SourceVersion "1"]
[SourceVersionDate "2012.11.22"]
[SourceQuality "1"]
[WhiteTeam "e2e4.org.uk"]
[BlackTeam "Guildford II"]
[WhiteTeamCountry "ENG"]
[BlackTeamCountry "ENG"]

1. c4 c5 2. Nc3 Nc6 3. g3 e6 4. Bg2 d6 5. Nf3 e5 6. 0-0 f5 7. d3 Be7 8. a3 Nf6 9. Ne1 0-0 10. Rb1 Be6 11. Nd5 Qd7 12. b4 cxb4 13. Nxe7+ Nxe7 14. axb4 Rac8 15. Nf3 h6 16. Bb2 b6 17. Ra1 Rc7 18. Qd2 Ng6 19. Ra6 Qe7 20. b5 Nd7 21. Rfa1 Nc5 22. R6a3 Bf7 23. Ne1 f4 24. Nc2 Ne6 25. Nb4 Nd8 26. Bc3 Qd7 27. Qa2 fxg3 28. hxg3 a5 29. bxa6 Ra7 30. Qb2 Ne7 31. Nc2 Qc7 32. Rb1 Nc8 33. Ne3 Nc6 34. Qb5 Nb8 35. Bd5 Kh8 36. Bg2 Be8 37. Qb2 Rxa6 38. Rxa6 Nxa6 39. Nd5 Qc5 40. e3 Bg6 41. Bf1 Qc6 42. e4 Nc5 43. Nxb6 Ne7 44. Nd5 Nxd5 45. cxd5 Qd7 46. Qe2 Qf7 47. Qe3 Qc7 48. Bd2 Bh5 49. Bg2 Nd7 50. Rc1 Qb8 51. Ba5 Nc5 52. Bc3 Nd7 53. d4 Nf6 54. f3 Qb6 55. Re1 Nd7 56. dxe5 Qxe3+ 57. Rxe3 dxe5 58. Bh3 Nb6 59. g4 Bg6 60. Bf1 Re8 61. Bb5 Re7 62. d6 Ra7 63. Bxe5 Ra5 64. Rb3 Bf7 65. Rb1 Ba2 66. Rb2 Be6 67. Kf2 Kg8 68. Bd4 Rxb5 69. Rxb5 Nd7 70. Kg3 g5 71. f4 gxf4+ 72. Kxf4 Kf7 73. Rh5 Kg6 74. Rh2 Bc4 75. Kf3 Bd3 76. Be3 Ne5+ 77. Kf4 Nd7 78. e5 Bc4 79. Ke4 Be6 80. Rxh6+ Kf7 81. g5 Nf8 82. Rf6+ Kg7 83. Rxe6 Nxe6 84. Kf5 1-0

[Event "Calvia Amateur op 9th"]
[Site "Calvia"]
[Date "2012.10.12"]
[Round "7"]
[White "Sarakauskiene, Zivile"]
[Black "Voiteanu, Christian Gabriel"]
[Result "0-1"]
[WhiteElo "2192"]
[BlackElo "2298"]
[PlyCount "64"]
[EventDate "2012.10.06"]
[EventType "swiss"]
[EventRounds "9"]
[EventCountry "ESP"]
[SourceTitle "EXT 2013"]
[Source "ChessBase"]
[SourceDate "2012.11.22"]
[SourceVersion "1"]
[SourceVersionDate "2012.11.22"]
[SourceQuality "1"]

1. e4 e5 2. d4 exd4 3. Nf3 Nc6 4. Bc4 Bc5 5. c3 Nf6 6. e5 d5 7. Bb5 Ne4 8. cxd4 Bb6 9. h3 0-0 10. Be3 f6 11. Bxc6 bxc6 12. 0-0 Qe7 13. Nc3 Bf5 14. Rc1 Qe6 15. Kh2 Nxc3 16. Rxc3 Be4 17. exf6 Rxf6 18. Ne5 c5 19. f4 cxd4 20. Bxd4 c5 21. Bxc5 Rxf4 22. Rxf4 Qxe5 23. g3 Bxc5 24. Qc1 Bf8 25. Rc7 g5 26. Rf1 Bd6 27. Rc8+ Rxc8 28. Qxc8+ Kg7 29. Qc3 Qxc3 30. bxc3 h5 31. Rd1 h4 32. Kg1 hxg3 0-1

[Event "BCF-chTb 1112 (4NCL)"]
[Site "England"]
[Date "2011.11.12"]
[Round "1.3"]
[White "Hawkins, Jonathan J"]
[Black "Sarakauskiene, Zivile"]
[Result "1-0"]
[WhiteElo "2480"]
[BlackElo "2191"]
[PlyCount "55"]
[EventDate "2011.11.12"]
[EventType "team-tourn"]
[EventRounds "7"]
[EventCountry "ENG"]
[SourceTitle "EXT 2013"]
[Source "ChessBase"]
[SourceDate "2012.11.22"]
[SourceVersion "1"]
[SourceVersionDate "2012.11.22"]
[SourceQuality "1"]
[WhiteTeam "Cheddleton"]
[BlackTeam "Guildford II"]
[WhiteTeamCountry "ENG"]
[BlackTeamCountry "ENG"]

1. d4 d5 2. c4 dxc4 3. Nf3 Nf6 4. e3 e6 5. Bxc4 c5 6. 0-0 Nc6 7. Nc3 a6 8. Bb3 Be7 9. dxc5 Qxd1 10. Rxd1 Bxc5 11. Bd2 Bd7 12. Rac1 Ba7 13. Be1 Ke7 14. Na4 Ne4 15. Bc2 Nd6 16. Bb1 Rac8 17. Nc5 Be8 18. Ng5 Bxc5 19. Rxc5 f5 20. f3 h6 21. Bh4 hxg5 22. Bxg5+ Kd7 23. Bf4 Kc7 24. Rxd6 Kb6 25. Rc3 Bf7 26. Rd7 e5 27. Rxf7 exf4 28. Rb3+ 1-0

[Event "LTU-chT 1011"]
[Site "Lithuania"]
[Date "2011.02.26"]
[Round "8"]
[White "Sarakauskiene, Zivile"]
[Black "Zalimaite, Ieva"]
[Result "1-0"]
[WhiteElo "2164"]
[BlackElo "1921"]
[PlyCount "81"]
[EventDate "2010.11.06"]
[EventType "team-tourn"]
[EventRounds "9"]
[EventCountry "LTU"]
[SourceTitle "EXT 2012"]
[Source "ChessBase"]
[SourceDate "2011.11.24"]
[SourceVersion "1"]
[SourceVersionDate "2011.11.24"]
[SourceQuality "1"]

1. e4 e6 2. d4 d5 3. Nd2 c5 4. exd5 Qxd5 5. Ngf3 cxd4 6. Bc4 Qd6 7. Qe2 Nf6 8. Nb3 Nc6 9. Bg5 Qc7 10. 0-0-0 Bd6 11. Kb1 Bd7 12. Nbxd4 Nxd4 13. Nxd4 0-0-0 14. Nb5 Bxb5 15. Bxb5 Be7 16. h4 h6 17. Bd2 Nd5 18. Qe4 Qb6 19. c4 Nf6 20. Qe2 Bc5 21. f3 Bd4 22. Bf4 a6 23. Ba4 Qb4 24. Bb3 Rhe8 25. g4 e5 26. Bd2 Qb6 27. g5 Nh5 28. c5 Bxc5 29. Bxf7 Ng3 30. Qc4 Nxh1 31. Bxe8 Nf2 32. Rc1 Nd3 33. Rc2 Kb8 34. Bf7 Rd4 35. Qe6 Rxh4 36. Qe8+ Ka7 37. a4 hxg5 38. Bc4 Nb4 39. Rc1 Qf6 40. Qc8 Qe7 41. Bxg5 1-0

[Event "Olympiad Women-39"]
[Site "Khanty-Mansiysk"]
[Date "2010.09.28"]
[Round "7.31"]
[White "Sarakauskiene, Zivile"]
[Black "Perez, Dalila"]
[Result "1-0"]
[WhiteElo "2171"]
[BlackElo "1684"]
[PlyCount "71"]
[EventDate "2010.09.21"]
[EventType "team-swiss"]
[EventRounds "11"]
[EventCountry "RUS"]
[SourceTitle "CBM 139"]
[Source "ChessBase"]
[SourceDate "2010.11.18"]
[SourceVersion "1"]
[SourceVersionDate "2010.11.18"]
[SourceQuality "1"]
[WhiteTeam "Lithuania (W)"]
[BlackTeam "Paraguay (W)"]
[WhiteTeamCountry "LTU"]
[BlackTeamCountry "PAR"]

1. e4 e6 2. d4 d5 3. Nd2 Nf6 4. e5 Nfd7 5. Bd3 c5 6. c3 Nc6 7. Ne2 Qb6 8. Nf3 Be7 9. 0-0 cxd4 10. cxd4 0-0 11. Bb1 Rd8 12. Qd3 Nf8 13. a3 Bd7 14. b4 Rac8 15. Bg5 h6 16. Bd2 a6 17. h3 Na7 18. Nc3 Qc7 19. Re1 Nb5 20. Nd1 Qb8 21. Qe3 Rc7 22. Qf4 f5 23. exf6 Bxf6 24. a4 Nxd4 25. Nxd4 Rc4 26. Qxb8 Rxb8 27. Nb3 Bxa1 28. Nxa1 Rbc8 29. Nb2 Rd4 30. Nb3 Rh4 31. Kh2 Re4 32. Bxe4 dxe4 33. Rc1 Rd8 34. Be3 Ng6 35. Nc5 Bc8 36. Nxe4 1-0

[Event "Arctic Chess Challenge"]
[Site "Tromsoe"]
[Date "2010.08.06"]
[Round "7"]
[White "Stokke, Kjetil"]
[Black "Sarakauskiene, Zivile"]
[Result "1-0"]
[WhiteElo "2401"]
[BlackElo "2181"]
[PlyCount "55"]
[EventDate "2010.07.31"]
[EventType "swiss"]
[EventRounds "9"]
[EventCountry "NOR"]
[SourceTitle "CBM 137 Extra"]
[Source "ChessBase"]
[SourceDate "2010.09.01"]
[SourceVersion "1"]
[SourceVersionDate "2010.09.01"]
[SourceQuality "1"]

1. c4 c5 2. g3 e6 3. Bg2 Nc6 4. Nf3 Nf6 5. 0-0 d5 6. d4 dxc4 7. Ne5 Nxe5 8. dxe5 Nd5 9. Na3 Bd7 10. Nxc4 Bc6 11. f4 b5 12. Nd6+ Bxd6 13. exd6 f5 14. e4 fxe4 15. Qh5+ g6 16. Qe5 Kd7 17. Bxe4 Qf8 18. f5 gxf5 19. Rxf5 Qxd6 20. Rf7+ Ne7 21. Rxe7+ Qxe7 22. Bg5 Qe8 23. Qg7+ Kd6 24. Bf4+ e5 25. Rd1+ Ke6 26. Bxe5 Qf8 27. Rd6+ Qxd6 28. Qf6+ 1-0